000 00762nam a2200241Ia 4500
003 OSt
005 20220925204802.0
006 a|||||r|||| 00| 0
007 ta
008 220923b |||||||| |||| 00| 0 eng d
020 _a9780670086061
_c509.14999999999998
037 _b5558, 28/07/2015, RAJKIRAN BOOK AGENCY
_cGeneral Book
040 _aRTL
_cRTL
_beng
041 _2eng
_aeng
082 _aY9(L:5).2, Q4
100 _aGAWANDE Atul
_9268912
245 0 _aBeing mortal
_b Medicine and what matters in the end
260 _aGurgaon
_bHamish Hamilton
_c2014
300 _a282p
_ccm.
650 _aSociology
942 _hY9(L:5).2, Q4
_cGB
_2CC
999 _c550381
_d550381